• 首页
  • 本馆介绍
  • 公告通知
  • 最新文献
  • 馆藏检索
  • 电子资源
  • 读者导购
  • 参考咨询
  • 我的图书馆
  • 登录
  • 详细信息显示
  • 放入我的书架
  • 预约/预借图书
  • 作者相关作品
  • 分类相关作品
  • 丛书相关作品
  • 出版社相关作品

书目信息

  • 表格格式
  • 工作单格式
  • 卡片格式
题名:
工业药剂学
    
 
作者: 潘卫三 , 杨星钢 主编
分册:  
出版信息: 北京   中国医药科技出版社  2020.11
页数: 11,501页
开本: 29cm
丛书名:
单 册:
中图分类: TQ460.6
科图分类:
主题词: 药物--制剂--生产工艺--医学院校--教材
电子资源:
ISBN: 978-7-5214-1499-8
000 01572nam0 2200277 45
001 012001002544
005 20211020084625.95
010    @a978-7-5214-1499-8@dCNY85.00
100    @a20200602d2019 em y0chiy50 ea
101 0  @achi
102    @aCN@b110000
105    @aa z 000yy
106    @ar
200 1  @a工业药剂学@Agong ye yao ji xue@b专著@f潘卫三,杨星钢主编
205    @a4版
210    @a北京@c中国医药科技出版社@d2020.11
215    @a11,501页@c图@d29cm
300    @a全国高等医药院校药学类专业第五轮规划教材 书网融合教材 供药物制剂、制药工程、生物制药、中药、药学专业使用
330    @a本书共16章,首先介绍了药物制剂设计基础(其中包括处方前研究和生物药剂学简介);然后以各种剂型为主线,按照溶液剂与溶胶剂,混悬剂与乳剂,注射剂与滴眼剂,散剂、颗粒剂、胶囊剂与丸剂,片剂,膏剂、膜剂与凝胶剂,栓剂,气雾剂、喷雾剂与粉雾剂,固体分散体、包合物与微粒,缓(控)释制剂,经皮吸收制剂和靶向制剂的顺序,具体介绍各种制剂的处方设计基本原理、制备工艺以及所涉及的常用或较新的制剂设备;最后两章是药物制剂的稳定性和药品(药物制剂)的包装,较为深入地介绍了保证药物制剂稳定性的基本原理和常用方法,同时根据国家新颁布的有关法规增加了一些关于药物制剂包装的法规、方法、材料等较新的内容。
333    @a本书可作为全国高等医药院校药物制剂、制药工程和药学等相关专业师生的必备教材,也可作为广大从事药物制剂生产、科研和管理技术人员的重要参考书。
606 0  @a药物@x制剂@x生产工艺@x医学院校@j教材
690    @aTQ460.6@v5
701  0 @a潘卫三@Apan wei san@4主编
701  0 @a杨星钢@Ayang xing gang@4主编
801  2 @aCN@bBJSDL@c20211018
905    @b1344298-301@dTQ460.6@e134=4@f4
    
    工业药剂学/潘卫三,杨星钢主编.-4版.-北京:中国医药科技出版社,2020.11
    11,501页:图;29cm
    全国高等医药院校药学类专业第五轮规划教材 书网融合教材 供药物制剂、制药工程、生物制药、中药、药学专业使用.-使用对象:本书可作为全国高等医药院校药物制剂、制药工程和药学等相关专业师生的必备教材,也可作为广大从事药物制剂生产、科研和管理技术人员的重要参考书。
    
    ISBN 978-7-5214-1499-8:CNY85.00
    本书共16章,首先介绍了药物制剂设计基础(其中包括处方前研究和生物药剂学简介);然后以各种剂型为主线,按照溶液剂与溶胶剂,混悬剂与乳剂,注射剂与滴眼剂,散剂、颗粒剂、胶囊剂与丸剂,片剂,膏剂、膜剂与凝胶剂,栓剂,气雾剂、喷雾剂与粉雾剂,固体分散体、包合物与微粒,缓(控)释制剂,经皮吸收制剂和靶向制剂的顺序,具体介绍各种制剂的处方设计基本原理、制备工艺以及所涉及的常用或较新的制剂设备;最后两章是药物制剂的稳定性和药品(药物制剂)的包装,较为深入地介绍了保证药物制剂稳定性的基本原理和常用方法,同时根据国家新颁布的有关法规增加了一些关于药物制剂包装的法规、方法、材料等较新的内容。
●
相关链接 在E读中查询图书 在五车中查询图书 在当当中查询图书 在豆瓣中查询图书


正题名:工业药剂学     索取号:TQ460.6/134=4         预约/预借

序号 登录号 条形码 馆藏地/架位号 状态 备注
1 1344298   213442988   第二样本阅览室/ [索取号:TQ460.6/134=4] 在馆    
2 1344299   213442997   第三借阅区/ [索取号:TQ460.6/134=4] 在馆    
3 1344300   213443004   第三借阅区/ [索取号:TQ460.6/134=4] 在馆    
4 1344301   213443013   第三借阅区/ [索取号:TQ460.6/134=4] 在馆    
唐山师范学院图书馆 欢迎您!
大连网信软件有限公司© 版权所有